| 000 | 00856nam a22001937a 4500 | ||
|---|---|---|---|
| 999 |
_c54722 _d54722 |
||
| 008 | 190815b ||||| |||| 00| 0 eng d | ||
| 020 | _a 9780865850064 (pbk.) | ||
| 020 | _a0865850062 (pbk.) | ||
| 050 |
_aBV2063 _b.P49 2009 |
||
| 100 | _aPierson, Paul Everett. | ||
| 245 |
_aThe dynamics of Christian mission : _bhistory through a missiological perspective / _cPaul E. Pierson. |
||
| 260 |
_aPasadena, Calif. : _bWilliam Carey International University Press, _c2009. |
||
| 300 |
_a364 p. ; _c25 cm. |
||
| 500 | _a"This book is composed of edited transcriptions from lectures and study materials prepared by Paul E. Pierson, Ph.D., at Fuller Theological Seminary, School of World Mission" - T.p. verso. | ||
| 650 |
_aMissions _xHistory. |
||
| 650 |
_aChristian sociology _xHistory. |
||
| 650 | _aChristianity and culture. | ||
| 942 |
_2lcc _cBK |
||